Statistics for The Two Types of...

Click here to take the quiz!

General Stats

  • This quiz has been taken 422 times
    (196 since last reset)
  • The average score is 23 of 48

Answer Stats

CategoryType% Correct
electric chargenegative
83%
electric chargepositive
83%
eclipsesolar
83%
eclipselunar
78%
twinidentical
74%
nuclear reactionfission
70%
tumorbenign
68%
nuclear reactionfusion
68%
cell divisionmitosis
65%
reproductionsexual
65%
reproductionasexual
64%
IslamSunni
63%
nucleonneutron
62%
twinfraternal
61%
tumormalignant
61%
treeevergreen
60%
nucleonproton
60%
IslamShia
58%
nucleic acidDNA
56%
nucleic acidRNA
55%
treedeciduous
54%
planet in Solar Systemgiant
54%
cell divisionmeiosis
53%
nuclear weaponA-bomb
49%
beerale
49%
beerlager
48%
planet in Solar Systemterrestrial
48%
cameldromedary
43%
nuclear weaponH-bomb
43%
respiration, or bacteriaaerobic
41%
respiration, or bacteriaanaerobic
41%
camelBactrian
40%
micronutrientvitamin
35%
micronutrientmineral
33%
vitaminfat soluble
31%
celleukaryotic
30%
marijuanaindica
30%
marijuanasativa
30%
cellprokaryotic
28%
coffee beanarabica
26%
vitaminwater soluble
26%
verbaction
23%
(audio) signalanalog
22%
(audio) signaldigital
22%
verblinking
18%
coffee beanrobusta
13%
BuddhismMahāyāna
8%
BuddhismTheravāda
8%

Score Distribution

Percentile by Number Answered

Percent of People with Each Score

Your Score History

You have not taken this quiz since the last reset